00933nam a22002417a 4500999001700000003000900017008004100026040007100067082001500138100002500153245007200178260003400250300002800284440005900312505010100371650002300472650001900495650002300514700003500537942001600572945000800588952009500596 c19887d19887AR-CdUCM190305b ||||| |||| 00| 0 spa d aMUNICIPALIDAD PROVINCIAL DEL CUSCOcBIBLIOTECA MUNICIPAL DEL CUSCO a111 /bJ25 aJasinowski, Bogumił asaber y dialéctica :bContribución a la historia de las ideas / aChile :bDel pacifico,c1957. a158 Páginas ;c20 cm. aRevista filosófica de la universidad de Chile941573 aContenido: Índole de las oposiciones conceptuales -- Neodialectica y dialéctica hegeliana... aDialéctica95490 aLógica92358 aConocimiento95704 aVenegas Yañez, Arturo941574 2ddccLIBROS arcc 002ddc4070aSHbSHcCARTd2019-05-23g20.00o111 / J25pSH0000015190r2019-05-23yLIBROS